WHAT'S THAT SOUND? AN INTRODUCTION TO ROCK AND ITS HISTORY (Record no. 21633)

MARC details
000 -LEADER
fixed length control field 00673nam a22001817a 4500
003 - CONTROL NUMBER IDENTIFIER
control field OSt
005 - DATE AND TIME OF LATEST TRANSACTION
control field 20260306163128.0
008 - FIXED-LENGTH DATA ELEMENTS--GENERAL INFORMATION
fixed length control field 260306b |||||||| |||| 00| 0 eng d
020 ## - INTERNATIONAL STANDARD BOOK NUMBER
International Standard Book Number 978-0-393-93725-1
040 ## - CATALOGING SOURCE
Transcribing agency CHUKA UNIVERSITY LIBRARY
050 ## - LIBRARY OF CONGRESS CALL NUMBER
Classification number ML 3534 .C7 2015
100 ## - MAIN ENTRY--PERSONAL NAME
Personal name COVACH, JOHN; FLORY, ANDREW
9 (RLIN) 23465
245 ## - TITLE STATEMENT
Title WHAT'S THAT SOUND? AN INTRODUCTION TO ROCK AND ITS HISTORY
260 ## - PUBLICATION, DISTRIBUTION, ETC.
Place of publication, distribution, etc. 500 FIFTH AVENUE, NEW YORK
Name of publisher, distributor, etc. W. W. NORTON & COMPANY, INC
Date of publication, distribution, etc. 2015
300 ## - PHYSICAL DESCRIPTION
Extent 577p.
650 ## - SUBJECT ADDED ENTRY--TOPICAL TERM
Topical term or geographic name entry element 1. Rock music---History and criticism. 2.Introduction to rock music and its evolution. 3. Influential rock artists and movements.
9 (RLIN) 23466
942 ## - ADDED ENTRY ELEMENTS (KOHA)
Source of classification or shelving scheme Library of Congress Classification
Koha item type Long Loan Books
Suppress in OPAC No
Holdings
Withdrawn status Lost status Source of classification or shelving scheme Damaged status Not for loan Collection Home library Current library Shelving location Date acquired Source of acquisition Total Checkouts Full call number Barcode Date last seen Price effective from Koha item type
    Library of Congress Classification     General Collection Books Main Campus Library Main Campus Library General Stacks 10/07/2025 Donation from books of Africa   ML 3534 .C7 2015 29741/2025 06/03/2026 06/03/2026 Long Loan Books

Powered by Koha